| 000 | 00370nam a2200157Ia 4500 | ||
|---|---|---|---|
| 100 | _aKrutz/Ronald L | ||
| 650 | _aCloud security | ||
| 942 | _cBK | ||
| 366 | _f27 | ||
| 245 | _aCloud security: A comprehensive guide to seuro cloud computing | ||
| 260 |
_bWiley India _c2010 |
||
| 082 |
_a4.65 _bKRU |
||
| 300 | _a358 | ||
| 546 |
_aENGLISH _celectronics |
||
| 999 |
_c35662 _d35662 |
||